Woodrow Wilson and the new America /

Wedi'i Gadw mewn:
Manylion Llyfryddiaeth
Prif Awdur: Rollins, Alfred B.
Fformat: Sách giấy
Iaith:English
Cyhoeddwyd: N. Y. : Dell Publishing Co., 1965.
Tagiau: Ychwanegu Tag
Dim Tagiau, Byddwch y cyntaf i dagio'r cofnod hwn!
Thư viện lưu trữ: Thư viện Trường Đại học Đà Lạt
LEADER 00617nam a2200265 4500
001 DLU100109676
005 ##20100713
040 # # |a DLU  |b vie 
041 # # |a eng 
044 # # |a us 
082 # # |a 973.91  |b RO-A 
100 # # |a Rollins, Alfred B. 
245 # # |a Woodrow Wilson and the new America /  |c Alfred B. Rollins. 
260 # # |a N. Y. :  |b Dell Publishing Co.,  |c 1965. 
300 # # |a 350 p. ;  |c 17 cm. 
923 # # |a 100/2010 
992 # # |a 0 
994 # # |a DLU 
900 # # |a True 
911 # # |a Lý Thị Hồng Hạnh 
925 # # |a G 
926 # # |a A 
927 # # |a SH 
980 # # |a Thư viện Trường Đại học Đà Lạt